[Event "Katowice POL-HUN 10th"]
[Site "Katowice"]
[Date "2023.09.09"]
[Round "4"]
[White "Smagacz, Dariusz"]
[Black "Orlik, Sandra"]
[Result "1-0"]
[WhiteElo "2110"]
[BlackElo "1836"]
[PlyCount "33"]
[EventDate "2023.09.09"]
[EventType "swiss (rapid)"]
[EventRounds "9"]
[EventCountry "POL"]
[SourceTitle "EXT 2024"]
[Source "ChessBase"]
[SourceDate "2023.10.10"]
[SourceVersion "1"]
[SourceVersionDate "2023.10.10"]
[SourceQuality "1"]

1. e4 c5 2. d4 cxd4 3. c3 d3 4. Bxd3 Nc6 5. c4 e6 6. Nc3 Nf6 7. Nf3 Bb4 8. Bd2 0-0 9. e5 Ng4 10. Bxh7+ Kh8 11. Be4 Bc5 12. 0-0 g6 13. Bg5 Qb6 14. Qe2 Kg7 15. Na4 Qb4 16. Bc2 Be7 17. Bd2 1-0

[Event "POL-ch U20 Girls"]
[Site "Karpacz"]
[Date "2022.11.22"]
[Round "5"]
[White "Orlik, Sandra"]
[Black "Gorecka, Zuzanna"]
[Result "1-0"]
[WhiteElo "1846"]
[BlackElo "1436"]
[PlyCount "79"]
[EventDate "2022.11.19"]
[EventType "swiss"]
[EventRounds "9"]
[EventCountry "POL"]
[SourceTitle "EXT 2024"]
[Source "ChessBase"]
[SourceDate "2023.10.10"]
[SourceVersion "1"]
[SourceVersionDate "2023.10.10"]
[SourceQuality "1"]

1. d4 d5 2. Bf4 Nf6 3. Nc3 c5 4. e3 Nc6 5. Nb5 Qa5+ 6. c3 cxd4 7. exd4 Ne4 8. Nc7+ Kd7 9. Nxa8 e6 10. Ne2 Bd6 11. Bxd6 Kxd6 12. f3 Nf6 13. b4 Qd8 14. b5 Na5 15. b6 axb6 16. Qb1 Nc4 17. Qb4+ Kd7 18. Nf4 Ke8 19. Bxc4 dxc4 20. Nxb6 Qc7 21. 0-0 Bd7 22. Nxd7 Kxd7 23. Qb5+ Kd8 24. g3 h5 25. Rfe1 h4 26. Qe5 Qxe5 27. Rxe5 hxg3 28. hxg3 Kd7 29. Rb1 Rb8 30. Reb5 Kc6 31. Rc5+ Kd6 32. Rb6+ Kd7 33. Rxc4 g5 34. Nd3 Nd5 35. Ne5+ Ke8 36. Rb2 f6 37. Nd3 Ne3 38. Rc7 Nd5 39. Rh7 Kd8 40. Nc5 1-0

[Event "POL-ch U20 Girls"]
[Site "Karpacz"]
[Date "2022.11.20"]
[Round "2"]
[White "Budkiewicz, Magdalena"]
[Black "Orlik, Sandra"]
[Result "1-0"]
[WhiteElo "1814"]
[BlackElo "1846"]
[PlyCount "111"]
[EventDate "2022.11.19"]
[EventType "swiss"]
[EventRounds "9"]
[EventCountry "POL"]
[SourceTitle "EXT 2024"]
[Source "ChessBase"]
[SourceDate "2023.10.10"]
[SourceVersion "1"]
[SourceVersionDate "2023.10.10"]
[SourceQuality "1"]

1. e4 c6 2. d4 d5 3. Nc3 dxe4 4. Nxe4 Nf6 5. Nxf6+ exf6 6. Bc4 Na6 7. Ne2 Bd6 8. 0-0 h5 9. Bf4 h4 10. Re1 Kf8 11. a4 Nc7 12. Qd3 g5 13. Bxd6+ Qxd6 14. Qa3 Qxa3 15. Rxa3 Be6 16. Bd3 Nd5 17. a5 Kg7 18. c3 Rhe8 19. Raa1 Re7 20. Kf1 Rae8 21. Rac1 f5 22. b4 f4 23. Ng1 a6 24. Nf3 f6 25. Nd2 g4 26. Nc4 Rd8 27. Nb6 Nxb6 28. axb6 Rde8 29. Re4 g3 30. fxg3 hxg3 31. Rxf4 gxh2 32. Rh4 Rh8 33. Rxh8 Kxh8 34. Kf2 Bc8 35. Rh1 f5 36. Rxh2+ Kg7 37. Rh5 Kf6 38. Rh4 Kg5 39. Rh8 Be6 40. g3 Bd5 41. Rc8 Be6 42. Rc7 Rxc7 43. bxc7 f4 44. c4 Kg4 45. Be2+ Kg5 46. g4 Bc8 47. Bf3 Kf6 48. Ke2 Ke7 49. Kd3 Kd6 50. Ke4 Kxc7 51. Kxf4 Kd6 52. c5+ Ke7 53. Ke5 Be6 54. g5 Bf7 55. d5 cxd5 56. Bxd5 1-0

[Event "POL-ch U20 Girls"]
[Site "Karpacz"]
[Date "2022.11.19"]
[Round "1"]
[White "Orlik, Sandra"]
[Black "Waszczuk, Patrycja"]
[Result "0-1"]
[WhiteElo "1846"]
[BlackElo "2297"]
[PlyCount "106"]
[EventDate "2022.11.19"]
[EventType "swiss"]
[EventRounds "9"]
[EventCountry "POL"]
[SourceTitle "EXT 2024"]
[Source "ChessBase"]
[SourceDate "2023.10.10"]
[SourceVersion "1"]
[SourceVersionDate "2023.10.10"]
[SourceQuality "1"]

1. e4 c5 2. Nf3 Nc6 3. Bb5 Nd4 4. Nxd4 cxd4 5. 0-0 a6 6. Ba4 e6 7. d3 Qc7 8. f4 b5 9. Bb3 Bb7 10. a4 bxa4 11. Bxa4 Nf6 12. Nd2 Bc5 13. Nb3 Bb6 14. Kh1 Rc8 15. Nd2 h5 16. Nc4 Bc5 17. f5 e5 18. Qe1 Kf8 19. Bg5 Be7 20. Qa5 d6 21. Bxf6 gxf6 22. Qxc7 Rxc7 23. Na5 Ba8 24. Bb3 Bd8 25. Nc4 Rc6 26. Ba4 Rxc4 27. dxc4 Bxe4 28. Ra3 h4 29. h3 Rg8 30. Rf2 Ke7 31. b4 Bb6 32. Re2 Bxf5 33. Bc6 Bc8 34. Re4 Rh8 35. Kh2 f5 36. Re1 e4 37. Bxe4 fxe4 38. Rxe4+ Kd8 39. Re2 Rg8 40. Re4 Rxg2+ 41. Kxg2 Bb7 42. Kf3 f5 43. Kf4 fxe4 44. Ra1 Kd7 45. Kf5 e3 46. Re1 a5 47. b5 a4 48. Rg1 a3 49. Rg7+ Kc8 50. Rg8+ Bd8 51. Kf4 a2 52. Rg1 Ba5 53. Rg8+ Kc7 0-1

[Event "POL-chT 2nd League"]
[Site "Jastrzebia Gora"]
[Date "2022.09.03"]
[Round "1.48"]
[White "Trybowska, Barbara"]
[Black "Orlik, Sandra"]
[Result "1-0"]
[WhiteElo "1848"]
[BlackElo "1840"]
[PlyCount "49"]
[EventDate "2022.09.03"]
[EventType "team-swiss"]
[EventRounds "9"]
[EventCountry "POL"]
[SourceTitle "CBM 210 Extra"]
[Source "ChessBase"]
[SourceDate "2022.11.30"]
[SourceVersion "1"]
[SourceVersionDate "2022.11.30"]
[SourceQuality "1"]
[WhiteTeam "Rzeszow Szachownica"]
[BlackTeam "Czestochowa Hetman"]
[WhiteTeamCountry "POL"]
[BlackTeamCountry "POL"]

1. d4 Nf6 2. c4 e6 3. g3 Bb4+ 4. Nd2 Nc6 5. a3 Bxd2+ 6. Qxd2 Ne4 7. Qd3 d5 8. Bg2 Qf6 9. Be3 Qg6 10. Nh3 Nf6 11. Qb3 Ne7 12. Nf4 Qf5 13. Bh3 dxc4 14. Qxc4 Qa5+ 15. b4 Qa4 16. Bg2 c6 17. Nd3 Nfd5 18. Bd2 0-0 19. 0-0 b6 20. Qc1 Bd7 21. Re1 Rfd8 22. e4 Nc7 23. Bf1 Qa6 24. Bf4 Ne8 25. Nc5 1-0

[Event "Polanica Zdroj op-C 56th"]
[Site "Polanica Zdroj"]
[Date "2020.08.16"]
[Round "2"]
[White "Orlik, Sandra"]
[Black "Komendecki, Jacek"]
[Result "1/2-1/2"]
[WhiteElo "1738"]
[BlackElo "2024"]
[PlyCount "65"]
[EventDate "2020.08.15"]
[EventType "swiss"]
[EventRounds "9"]
[EventCountry "POL"]
[SourceTitle "CBM 198 Extra"]
[Source "ChessBase"]
[SourceDate "2020.11.30"]
[SourceVersion "1"]
[SourceVersionDate "2020.11.30"]
[SourceQuality "1"]

1. d4 Nf6 2. c4 g6 3. Nc3 Bg7 4. e4 d6 5. h3 0-0 6. Be3 e5 7. d5 Na6 8. g4 Nc5 9. f3 c6 10. Nge2 cxd5 11. cxd5 h5 12. Qd2 Nh7 13. Nc1 Bd7 14. Nd3 Nxd3+ 15. Bxd3 h4 16. g5 a6 17. Ke2 f6 18. gxf6 Qxf6 19. Raf1 b5 20. a3 Rac8 21. Ke1 g5 22. Qg2 Kh8 23. Qd2 Bh6 24. Nd1 Qd8 25. Be2 Qc7 26. Nf2 Qc2 27. Bd1 Qb1 28. Ke2 Qa2 29. Ng4 Bxg4 30. hxg4 Qc4+ 31. Qd3 Qa2 32. Qd2 Qc4+ 33. Ke1 1/2-1/2

[Event "PNWCC Online blitz JP 9th"]
[Site "Chess.com INT"]
[Date "2020.05.09"]
[Round "8"]
[White "Mariappan, Anish"]
[Black "Orlik, Sandra"]
[Result "1-0"]
[WhiteElo "1397"]
[BlackElo "1738"]
[PlyCount "31"]
[EventDate "2020.05.09"]
[EventType "swiss (blitz)"]
[EventRounds "11"]
[EventCountry "USA"]
[SourceTitle "CBM 196 Extra"]
[Source "ChessBase"]
[SourceDate "2020.07.31"]
[SourceVersion "1"]
[SourceVersionDate "2020.07.31"]
[SourceQuality "1"]

1. e4 c5 2. Nf3 d6 3. d4 cxd4 4. Nxd4 Nf6 5. Nc3 a6 6. Be2 e6 7. Be3 b5 8. Bf3 Bb7 9. e5 Nd5 10. Nxd5 exd5 11. exd6 Qxd6 12. 0-0 Be7 13. Nf5 Qe5 14. Nxe7 Kxe7 15. Re1 Kd8 16. Bb6+ 1-0

[Event "PNWCC Online blitz JP 9th"]
[Site "Chess.com INT"]
[Date "2020.05.09"]
[Round "2"]
[White "Orlik, Sandra"]
[Black "Divya, Deshmukh"]
[Result "0-1"]
[WhiteElo "1738"]
[BlackElo "2305"]
[PlyCount "62"]
[EventDate "2020.05.09"]
[EventType "swiss (blitz)"]
[EventRounds "11"]
[EventCountry "USA"]
[SourceTitle "CBM 196 Extra"]
[Source "ChessBase"]
[SourceDate "2020.07.31"]
[SourceVersion "1"]
[SourceVersionDate "2020.07.31"]
[SourceQuality "1"]

1. d4 Nf6 2. c4 e6 3. Nc3 Bb4 4. f3 d5 5. a3 Bxc3+ 6. bxc3 0-0 7. cxd5 exd5 8. e3 c5 9. Bd3 Nc6 10. Ne2 Qc7 11. Ng3 cxd4 12. cxd4 Nxd4 13. Bxh7+ Nxh7 14. Qxd4 Nf6 15. 0-0 Be6 16. Bb2 Qc4 17. Qe5 Qh4 18. Rad1 Rfe8 19. Rd4 Qh6 20. Rf4 Nd7 21. Qd4 f6 22. Rh4 Qg6 23. f4 Bf7 24. f5 Qg5 25. Rff4 Ne5 26. Nf1 Rac8 27. Rh3 Rc2 28. Rg3 Qh5 29. Rh4 Qxf5 30. Rf4 Qe6 31. Rh4 Rc4 0-1

[Event "PNWCC Online blitz JP 9th"]
[Site "Chess.com INT"]
[Date "2020.05.09"]
[Round "5"]
[White "Orlik, Sandra"]
[Black "Sriniaiyer, Sudarshan"]
[Result "0-1"]
[WhiteElo "1738"]
[BlackElo "1995"]
[PlyCount "128"]
[EventDate "2020.05.09"]
[EventType "swiss (blitz)"]
[EventRounds "11"]
[EventCountry "USA"]
[SourceTitle "CBM 196 Extra"]
[Source "ChessBase"]
[SourceDate "2020.07.31"]
[SourceVersion "1"]
[SourceVersionDate "2020.07.31"]
[SourceQuality "1"]

1. d4 Nf6 2. c4 e6 3. Nc3 Bb4 4. f3 c5 5. a3 Bxc3+ 6. bxc3 0-0 7. d5 d6 8. e4 b6 9. Bd3 Nbd7 10. f4 Re8 11. Ne2 exd5 12. exd5 Ne4 13. 0-0 Ndf6 14. Qc2 Bf5 15. h3 h5 16. Bd2 Nxd2 17. Qxd2 Bxd3 18. Qxd3 Qe7 19. Ng3 Qe3+ 20. Qxe3 Rxe3 21. Nf5 Rxc3 22. Nxd6 Rd8 23. Nb5 Rxc4 24. Nxa7 Rxd5 25. Nc8 Rdd4 26. Nxb6 Rc2 27. Rad1 Ne4 28. Nd5 Rcd2 29. Rxd2 Rxd2 30. Ne7+ Kf8 31. Nf5 c4 32. Rc1 c3 33. a4 g6 34. Ne3 Ra2 35. Nd5 c2 36. Ne3 Rxa4 37. Rxc2 Nf6 38. Kh2 Rxf4 39. g3 Ra4 40. Nc4 Kg7 41. Ne5 Re4 42. Nf3 Re6 43. Ng5 Re7 44. Kg2 Ne8 45. Kf3 Nd6 46. Kf2 Nf5 47. Nf3 f6 48. g4 hxg4 49. hxg4 Ne3 50. Rc6 Nxg4+ 51. Kg3 Ne5 52. Nxe5 Rxe5 53. Rc7+ Kh6 54. Kg4 Re4+ 55. Kf3 Ra4 56. Rc6 Kg5 57. Rc5+ f5 58. Kg3 Ra3+ 59. Kf2 Kg4 60. Kg2 g5 61. Rc4+ f4 62. Rd4 Ra2+ 63. Kf1 Kg3 64. Rd3+ f3 0-1

[Event "Slask-ch Bak Memorial"]
[Site "Chorzow"]
[Date "2016.09.18"]
[Round "4"]
[White "Orlik, Sandra"]
[Black "Gonsior, Pawel"]
[Result "1-0"]
[WhiteElo "1665"]
[BlackElo "1364"]
[PlyCount "107"]
[EventDate "2016.09.17"]
[EventType "swiss"]
[EventRounds "9"]
[EventCountry "POL"]
[SourceTitle "EXT 2018"]
[Source "ChessBase"]
[SourceDate "2017.10.13"]
[SourceVersion "1"]
[SourceVersionDate "2017.10.13"]
[SourceQuality "1"]

1. d4 d5 2. Nf3 e6 3. e3 Nf6 4. Bd3 Be7 5. b3 Nbd7 6. Bb2 0-0 7. Nbd2 b6 8. Ne5 Bb7 9. 0-0 c5 10. f4 h6 11. Qe2 Ne4 12. Nxd7 Qxd7 13. Bxe4 dxe4 14. Nc4 cxd4 15. exd4 Bd6 16. Nxd6 Qxd6 17. c4 Rfd8 18. Qg4 f6 19. Rad1 Qe7 20. a3 a5 21. Rfe1 Rac8 22. Re3 Rc7 23. Rh3 Kh7 24. Qh5 Qe8 25. Qe2 Qe7 26. g4 g5 27. Qe3 Rcd7 28. Rh5 Qg7 29. fxg5 fxg5 30. Rf1 Rc8 31. Bc3 Qe7 32. Qh3 Qg7 33. d5 e5 34. Qe3 Rd6 35. Qxe4+ Kg8 36. Qxe5 Qxe5 37. Bxe5 Rg6 38. Rh3 Rf8 39. Rxf8+ Kxf8 40. Rd3 Ke8 41. b4 a4 42. c5 bxc5 43. bxc5 Bc8 44. h3 Ba6 45. Rd4 Bb5 46. Rb4 Bd7 47. Rb8+ Ke7 48. Rb7 Kd8 49. Kf2 Bc8 50. Rg7 Rxg7 51. Bxg7 h5 52. Bf6+ Ke8 53. gxh5 Bxh3 54. Bxg5 1-0

[Event "Slask-ch Bak Memorial"]
[Site "Chorzow"]
[Date "2016.09.17"]
[Round "2"]
[White "Orlik, Sandra"]
[Black "Hertlein, Irena"]
[Result "1-0"]
[WhiteElo "1665"]
[BlackElo "1483"]
[PlyCount "75"]
[EventDate "2016.09.17"]
[EventType "swiss"]
[EventRounds "9"]
[EventCountry "POL"]
[SourceTitle "EXT 2018"]
[Source "ChessBase"]
[SourceDate "2017.10.13"]
[SourceVersion "1"]
[SourceVersionDate "2017.10.13"]
[SourceQuality "1"]

1. d4 d5 2. Nf3 Nf6 3. e3 e6 4. Bd3 Bd6 5. b3 b6 6. Bb2 Bb7 7. 0-0 0-0 8. Ne5 Nbd7 9. Nd2 c5 10. f4 Qc7 11. Qe2 a6 12. c4 a5 13. g4 Rac8 14. h4 Ba8 15. Rf2 dxc4 16. bxc4 cxd4 17. exd4 Qb7 18. Rh2 Bb4 19. Nxd7 Qxd7 20. Rd1 Qc7 21. g5 Nd7 22. Rf1 Bxd2 23. Qxd2 Rfe8 24. h5 f6 25. Qe3 fxg5 26. fxg5 Qd6 27. h6 g6 28. Re2 Nf8 29. Rf6 Qc6 30. Qh3 a4 31. Ba3 Qd7 32. Qe3 Rcd8 33. Ref2 Bb7 34. Qf4 Qc8 35. Rf7 Ba8 36. Rg7+ Kh8 37. Qf7 e5 38. Qg8# 1-0

[Event "POL-chT U19 2nd League"]
[Site "Iwonicz"]
[Date "2016.07.31"]
[Round "10.48"]
[White "Hertlein, Irena"]
[Black "Orlik, Sandra"]
[Result "1/2-1/2"]
[WhiteElo "1488"]
[BlackElo "1519"]
[PlyCount "119"]
[EventDate "2016.07.23"]
[EventType "team-swiss"]
[EventRounds "11"]
[EventCountry "POL"]
[SourceTitle "EXT 2019"]
[Source "ChessBase"]
[SourceDate "2018.10.10"]
[SourceVersion "1"]
[SourceVersionDate "2018.10.10"]
[SourceQuality "1"]
[WhiteTeam "Tarnowskie Gory Strzybniczanka U19"]
[BlackTeam "Pszczyna PSSz U19"]
[WhiteTeamCountry "POL"]
[BlackTeamCountry "POL"]

1. d4 d5 2. Nf3 e6 3. c4 dxc4 4. e3 Nf6 5. Bxc4 c5 6. 0-0 a6 7. dxc5 Qxd1 8. Rxd1 Bxc5 9. Be2 Nc6 10. Nbd2 Ke7 11. Nb3 Bd6 12. Nfd4 Nxd4 13. Nxd4 e5 14. Nf3 Bf5 15. Bd2 Ne4 16. Nh4 Be6 17. Ba5 g5 18. Nf3 h6 19. Nd2 Nxd2 20. Rxd2 Rhc8 21. Bf3 Rab8 22. Bc3 Rd8 23. Bd5 Bc7 24. Rad1 f5 25. Bxe6 Kxe6 26. h3 b5 27. Rxd8 Rxd8 28. Rxd8 Bxd8 29. g4 fxg4 30. hxg4 Kd5 31. Kf1 Bc7 32. Ke2 Kc4 33. Kf3 Kd3 34. Kg3 a5 35. a3 Kc4 36. Kf3 b4 37. axb4 axb4 38. Be1 Bd6 39. Ke4 Kb3 40. Kd5 Bb8 41. Kc5 Kxb2 42. Bxb4 Kc2 43. Kd5 Kd3 44. Bf8 Ke2 45. Bxh6 Kf3 46. Bxg5 Kxg4 47. Bf6 Kf5 48. Be7 e4 49. Bd6 Ba7 50. Bc5 Bb8 51. Kd4 Be5+ 52. Kd5 Bc3 53. Bd6 Be1 54. Bg3 Ba5 55. Kd4 Bd2 56. Kc4 Kg4 57. Kd4 Kf3 58. Ke5 Be1 59. Kf5 Ba5 60. Bh4 1/2-1/2

[Event "POL-chT U19 2nd League"]
[Site "Iwonicz"]
[Date "2016.07.31"]
[Round "1.72"]
[White "Orlik, Sandra"]
[Black "Gorna, Anna"]
[Result "1-0"]
[WhiteElo "1519"]
[BlackElo "1078"]
[PlyCount "141"]
[EventDate "2016.07.23"]
[EventType "team-swiss"]
[EventRounds "11"]
[EventCountry "POL"]
[SourceTitle "EXT 2019"]
[Source "ChessBase"]
[SourceDate "2018.10.10"]
[SourceVersion "1"]
[SourceVersionDate "2018.10.10"]
[SourceQuality "1"]
[WhiteTeam "Pszczyna PSSz U19"]
[BlackTeam "Czestochowa UKS Hetman U19"]
[WhiteTeamCountry "POL"]
[BlackTeamCountry "POL"]

1. d4 d5 2. Nf3 Nc6 3. e3 e6 4. a3 Nf6 5. Bd3 Bd6 6. b3 e5 7. dxe5 Nxe5 8. Bb2 Bg4 9. Nbd2 c6 10. Be2 Nxf3+ 11. Nxf3 0-0 12. h3 Bf5 13. c4 Be4 14. 0-0 h6 15. Bd3 Be7 16. Qe2 Re8 17. Rfd1 a6 18. Bxe4 Nxe4 19. cxd5 cxd5 20. Qd3 Bf6 21. Bxf6 Nxf6 22. Nd4 Rc8 23. Ne2 g5 24. Nc3 Re5 25. f4 gxf4 26. exf4 Rh5 27. g4 Rh4 28. Qg3 Rxc3 29. Qxc3 Qb6+ 30. Kg2 Ne4 31. Qf3 Qe6 32. Rd4 f5 33. gxf5 Qxf5 34. Rxe4 Qxe4 35. Qxe4 dxe4 36. Kg3 Rh5 37. Re1 Rc5 38. Re3 Kf7 39. Kg4 h5+ 40. Kh4 Kf6 41. Rxe4 Rc3 42. Rb4 b5 43. Kxh5 Rxh3+ 44. Kg4 Rc3 45. a4 Rc5 46. Rd4 Kg6 47. Re4 Kf6 48. Rd4 Ke6 49. b4 Rf5 50. Re4+ Kf6 51. Re8 Rd5 52. Rc8 Rd6 53. axb5 axb5 54. Rc5 Rb6 55. Kf3 Rb8 56. Ke4 Ke6 57. f5+ Kd6 58. Re5 Kc6 59. Re6+ Kd7 60. Ke5 Kd8 61. f6 Rb7 62. Kd6 Rb6+ 63. Kd5 Rb7 64. Kc6 Rf7 65. Kxb5 Kd7 66. Ra6 Ke8 67. Ra8+ Kd7 68. Ra7+ Ke8 69. Rxf7 Kxf7 70. Kc6 Kxf6 71. b5 1-0

[Event "POL-chT U19 2nd League"]
[Site "Szczyrk"]
[Date "2014.07.28"]
[Round "5.78"]
[White "Pedrak, Paulina"]
[Black "Orlik, Sandra"]
[Result "1-0"]
[WhiteElo "1395"]
[BlackElo "1288"]
[PlyCount "81"]
[EventDate "2014.07.25"]
[EventType "team-swiss"]
[EventRounds "11"]
[EventCountry "POL"]
[SourceTitle "EXT 2015"]
[Source "ChessBase"]
[SourceDate "2014.11.20"]
[SourceVersion "1"]
[SourceVersionDate "2014.11.20"]
[SourceQuality "1"]
[WhiteTeam "Gorlice GKSz Kornuty U19"]
[BlackTeam "Pszczyna PSSz U19"]
[WhiteTeamCountry "POL"]
[BlackTeamCountry "POL"]

1. e4 c5 2. Nf3 a6 3. Nc3 e6 4. Be2 Qc7 5. 0-0 Nf6 6. a3 Nc6 7. d4 cxd4 8. Nxd4 Bc5 9. Nf3 d6 10. Bf4 e5 11. Bg5 Ne7 12. Qd2 Be6 13. Rad1 0-0-0 14. b4 Ba7 15. Be3 Bxe3 16. Qxe3 Ng4 17. Qd2 f5 18. b5 Bc4 19. bxa6 Bxa6 20. Bxa6 bxa6 21. exf5 Nxf5 22. Nd5 Qf7 23. Qc3+ Kd7 24. Ng5 Qg6 25. Qc7+ Ke8 26. Ne4 Qf7 27. Qc6+ Qd7 28. Qxa6 Qc8 29. Qa4+ Qd7 30. Qb4 Qc6 31. Nxd6+ Rxd6 32. Qxg4 Rxd5 33. Rxd5 Qxd5 34. Qxf5 Rf8 35. Qxh7 Kd8 36. Qh4+ Ke8 37. c4 Qc5 38. Rd1 Qxa3 39. Qh5+ Ke7 40. Qxe5+ Kf7 41. Rd7+ 1-0